MARC

LEADER 00000nam0a2200000 4500
001 90941
005 20231101213736.0
035 |a (RuTPU)RU\TPU\book\97512 
090 |a 90941 
100 |a 20060217d1969 km y0rusy50 ca 
101 0 |a rus 
102 |a RU 
105 |a a z 001zy 
200 1 |a Дифференциальный спектрофотометрический анализ  |f В. Ф. Барковский, В. И. Гонопольский 
210 |a Москва  |c Химия  |d 1969 
215 |a 166 с.  |c ил.  |e черт. 
320 |a Библиогр.: с. 164-166. 
606 1 |a Спектрофотометрический анализ  |2 stltpush  |3 (RuTPU)RU\TPU\subj\55821  |9 73779 
610 1 |a спектрофотометрия 
610 1 |a спектрофотометры 
610 1 |a измерения 
610 1 |a оптическая плотность 
610 1 |a растворы 
675 |a 543.422.3  |v 3 
700 1 |a Барковский  |b В. Ф.  |g Владимир Филиппович 
701 1 |a Гонопольский  |b В. И.  |g Владимир Ильич 
801 1 |a RU  |b 63413507  |c 20060217  |g PSBO 
801 2 |a RU  |b 63413507  |c 20210121  |g PSBO 
942 |c BK